Standard methods : for the examination of water and wastewater

Αποθηκεύτηκε σε:
Λεπτομέρειες βιβλιογραφικής εγγραφής
Συγγραφή απο Οργανισμό/Αρχή: American Public Health Association
Άλλοι συγγραφείς: Greenberg, Arnold E. (Επιμελητής έκδοσης)
Μορφή: Βιβλίο
Γλώσσα:English
Δημοσίευση: Washington : American Public Health Association, 1992
Έκδοση:18th ed.
Θέματα:
Ετικέτες: Προσθήκη ετικέτας
Δεν υπάρχουν, Καταχωρήστε ετικέτα πρώτοι!

MARC

LEADER 00000cam a2200000 i 4500
001 1/68177
008 931124s1992 eng d
020 |a 0-87553-207-1 
035 |a ΛΕΣΒΟΣb10002027  |l 10002027 
040 |a GR-MY-UA  |b gre  |e aacr 
041 0 |a eng 
082 0 |a 628.161 
110 2 |a American Public Health Association. 
245 1 0 |a Standard methods :  |b for the examination of water and wastewater /  |c American Public Health Association ; edited by Arnold E. Greenberg ... [κ.ά.] 
250 |a 18th ed. 
260 |a Washington :   |b American Public Health Association,   |c 1992 
300 |a 990 σ.  |b εικ. 
500 |a Prepared and published jointly by: American Public Health Association. American Water Works Association. Water Environment Federation. 
504 |a Περιέχει βιβλιογραφικές παραπομπές και ευρετήριο 
650 0 0 |a Water  |x Analysis. 
650 0 0 |a Sewage  |x Analysis. 
700 1 |a Greenberg, Arnold E.  |4 edt 
852 |a INST  |b LESVOS  |e 19931124  |h 628.161 STA  |p 005100003605  |q 005100003605  |t BK  |y 12 
909 |a Λ  |b 032176